00894nam a22002297a 45000010005000000030006000050050017000110080041000280200018000690400029000870500008001160820011001241000025001352450094001602600044002543000050002985050007003485200241003555210027005965210018006236500023006419660FISKH20260128115912.0260128b cb ||||| |||| 00| 0 eng d a9780563532781 aFISKHbengcFISKHdFISKH aPZ7 a823.92 aTreahy, IonaeAuthor aBob's egg and spoon race /cWritten by Iona Treahy ; based on the script by Diane Redmond aLondon :bHIT Entertainment PLC ,c2003 a31 pages :bcolor illustrations ;c19 x 23 cm aE  aMrs Percival is organising a Fun Day in the town, and everyone is busy practising for the egg and spoon race. Mr Sabatini has donated a giant pizza for the winner. Spud hears about the race and is determined to win the pizza at any cost8 a200 bLexile estimate 8 aE bRaz-Plus  aFun dayvEgg race